<?xml version="1.0" encoding="UTF-8"?>
<record
    xmlns:xsi="http://www.w3.org/2001/XMLSchema-instance"
    xsi:schemaLocation="http://www.loc.gov/MARC21/slim http://www.loc.gov/standards/marcxml/schema/MARC21slim.xsd"
    xmlns="http://www.loc.gov/MARC21/slim">

  <leader>01807nam a22002057a 4500</leader>
  <controlfield tag="003">IT-MiCISF</controlfield>
  <controlfield tag="005">20210506112854.0</controlfield>
  <controlfield tag="008">210506b           ||||| |||| 00| 0 eng d</controlfield>
  <datafield tag="040" ind1=" " ind2=" ">
    <subfield code="c">IT-MiCISF</subfield>
  </datafield>
  <datafield tag="041" ind1=" " ind2=" ">
    <subfield code="a">it</subfield>
  </datafield>
  <datafield tag="100" ind1=" " ind2=" ">
    <subfield code="a">Pitti Ilaria, Tuorto Dario</subfield>
    <subfield code="9">58907</subfield>
  </datafield>
  <datafield tag="245" ind1=" " ind2=" ">
    <subfield code="a">I giovani nella societ&#xE0; contemporanea</subfield>
    <subfield code="b">Identit&#xE0; e trasformazioni</subfield>
  </datafield>
  <datafield tag="260" ind1=" " ind2=" ">
    <subfield code="a">Roma</subfield>
    <subfield code="b">Carocci</subfield>
    <subfield code="c">2021</subfield>
  </datafield>
  <datafield tag="300" ind1=" " ind2=" ">
    <subfield code="a">pp. 201</subfield>
  </datafield>
  <datafield tag="500" ind1=" " ind2=" ">
    <subfield code="a">societ&#xE0;, cambiamento, giovani, rapporti-intergenerazionali, cultura, identit&#xE0;-sessuale, socializzazione, nuovi-media, politica, devianza, sociologia, lavoro</subfield>
  </datafield>
  <datafield tag="520" ind1=" " ind2=" ">
    <subfield code="a">Il volume considera il modo in cui i giovani si posizionano all&#x2019;interno delle diverse sfere sociali &#x2013; dal genere alle relazioni intergenerazionali, dal lavoro ai consumi, dalla partecipazione nella sfera pubblica al rapporto con le istituzioni &#x2013; e indaga i cambiamenti che hanno ridisegnato, negli ultimi decenni, le caratteristiche e i confini della giovinezza. Processi di mutamento sempre pi&#xF9; intensi, rapidi e complessi da analizzare conferiscono alla societ&#xE0; contemporanea un carattere anomico, che si manifesta con particolare chiarezza quando si osservano lo spazio sociale entro cui le giovani generazioni sono chiamate a crescere e i modi in cui, concretamente, fanno proprio questo spazio. Attraverso lo studio di categorie classiche della sociologia, gli autori leggono nelle emergenti identit&#xE0; giovanili vere e proprie strategie di adattamento alla tensione sociale della contemporaneit&#xE0; e, riflettendo sul potenziale trasformativo insito nelle pratiche e nelle istanze promosse dalle nuove generazioni, si chiedono che cosa sia possibile apprendere mettendo la questione giovanile al centro del dibattito pubblico.</subfield>
  </datafield>
  <datafield tag="650" ind1=" " ind2=" ">
    <subfield code="a">societ&#xE0;</subfield>
    <subfield code="9">56109</subfield>
  </datafield>
  <datafield tag="654" ind1=" " ind2=" ">
    <subfield code="a">saggio</subfield>
  </datafield>
  <datafield tag="942" ind1=" " ind2=" ">
    <subfield code="2">ddc</subfield>
    <subfield code="c">BK</subfield>
  </datafield>
  <datafield tag="999" ind1=" " ind2=" ">
    <subfield code="c">359260</subfield>
    <subfield code="d">359260</subfield>
  </datafield>
  <datafield tag="952" ind1=" " ind2=" ">
    <subfield code="0">0</subfield>
    <subfield code="1">0</subfield>
    <subfield code="2">ddc</subfield>
    <subfield code="4">0</subfield>
    <subfield code="6">B_7654_000000000000000</subfield>
    <subfield code="7">1</subfield>
    <subfield code="a">CISF</subfield>
    <subfield code="b">CISF</subfield>
    <subfield code="d">2021-05-06</subfield>
    <subfield code="l">0</subfield>
    <subfield code="o">b7654</subfield>
    <subfield code="p">9788829004522</subfield>
    <subfield code="r">2021-05-06 00:00:00</subfield>
    <subfield code="w">2021-05-06</subfield>
    <subfield code="y">BK</subfield>
  </datafield>
</record>
